NLSUI OPAC header image

Some concepts of Indian culture (Record no. 4420)

MARC details
000 -LEADER
fixed length control field 00408nam a2200157Ia 4500
008 - FIXED-LENGTH DATA ELEMENTS--GENERAL INFORMATION
fixed length control field 160316s1973 xxu||||| |||| 00| 0 eng d
082 ## - DEWEY DECIMAL CLASSIFICATION NUMBER
Classification number 306.095400
Item number NIK
100 ## - MAIN ENTRY--PERSONAL NAME
Personal name Nikam N A
245 ## - TITLE STATEMENT
Title Some concepts of Indian culture
250 ## - EDITION STATEMENT
Edition statement 2nd
260 ## - PUBLICATION, DISTRIBUTION, ETC.
Place of publication, distribution, etc. Simla
Name of publisher, distributor, etc. Indian Institute of Advanced Studies
Date of publication, distribution, etc. 1973
300 ## - PHYSICAL DESCRIPTION
Extent 74p.
Other physical details 20 cm
Dimensions xiv
365 ## - TRADE PRICE
Price amount Rs.18
650 ## - SUBJECT ADDED ENTRY--TOPICAL TERM
Topical term or geographic name entry element 1.Culture - India
700 ## - ADDED ENTRY--PERSONAL NAME
Personal name
--
Holdings
Withdrawn status Lost status Damaged status Not for loan Home library Current library Shelving location Date acquired Cost, normal purchase price Total Checkouts Full call number Barcode Date last seen Price effective from Koha item type
        . . Library Compactors 30.05.2017 18.00   306.0954 NIK 4589 30.05.2017 30.05.2017 BOOKs